000 00727nam a2200229Ia 4500
003 OSt
005 20230508163156.0
008 210423s1996 xx 000 0 und d
020 _a121821536
040 _cAL
041 _aeng
082 _a574.1925 ABEJ
_223
100 _aABELSON (John N);SIMON (Melvin I).
_991822
245 _aMethods in enzymology: Small GTP and their regulators part A ras family.V255.
260 _aSan Diego
_bAcademic Press
_c1996
300 _axxx,548
_bPB
365 _b9122.49
_cUSD
440 _v255
650 _aEnzymes
_991823
906 _a255. ; enzymology ; enzymology. ; enzymology: ; family.V255. ; family.vol ; GTP ; Methods ; ras ; regulators ; Small ; V255.
942 _2ddc
_cBK
999 _c162508
_d162508